|
|
|
|
| LEADER |
00861pam a22002658a 4500 |
| 001 |
00030219 |
| 005 |
20171026081022.0 |
| 008 |
121227s2007 ||||||viesd |
| 020 |
|
|
|c 87000
|
| 041 |
0 |
# |
|a vie
|
| 082 |
1 |
4 |
|a 530.1
|b NG527V
|
| 245 |
1 |
0 |
|a Nguyễn Văn Hiệu- các công trình chọn lọc
|c Nguyễn Văn Hiệu; Vũ Thanh Khiết (tuyển chọn)
|
| 260 |
# |
# |
|a H.
|b Giáo Dục
|c 2007
|
| 300 |
# |
# |
|a 519 tr.
|c 24 cm.
|
| 653 |
# |
# |
|a Công trình nghiên cứu
|
| 653 |
# |
# |
|a Vật lí
|
| 653 |
# |
# |
|a Việt Nam
|
| 700 |
1 |
# |
|a Vũ, Thanh Khiết
|e Tuyển chọn
|
| 852 |
# |
# |
|j KD.0014262
|j KM.0015472
|
| 852 |
# |
# |
|b Kho đọc
|j KD.0014262
|
| 852 |
# |
# |
|b Kho mượn
|j KM.0015472
|
| 910 |
|
|
|d 27/12/2012
|
| 980 |
# |
# |
|a Trung tâm Học liệu Lê Vũ Hùng, Trường Đại học Đồng Tháp
|